Implementácia personálneho informačného systému v konkrétnom slovenskom podniku bakalárska práca

Salvato in:
Dettagli Bibliografici
Autore principale: Hazala, Martin
Ente Autore: Podnikovohospodárska fakulta EU so sídlom v Košiciach. Katedra manažmentu
Altri autori: Dugas, Jaroslav, 1967-
Natura: Libro
Lingua:slovacco
Pubblicazione: Košice 2023
Tags: Aggiungi Tag
Nessun Tag, puoi essere il primo ad aggiungerne!!

MARC

LEADER 00000nbm a2200000 4500
001 0294350
005 20240409100346.7
041 0 |a slo 
044 |a SK 
245 1 0 |a Implementácia personálneho informačného systému v konkrétnom slovenskom podniku  |b bakalárska práca  |c Martin Hazala ; školiteľ: Jaroslav Dugas 
264 1 |a Košice  |c 2023 
300 |a 54 s. 
100 1 |a Hazala, Martin 
700 1 |a Dugas, Jaroslav, 1967- 
710 2 |a Podnikovohospodárska fakulta EU so sídlom v Košiciach. Katedra manažmentu